000 00504nam a22001817a 4500
003 OSt
005 20251010071008.0
008 251010b |||||||| |||| 00| 0 eng d
020 _a971-081-898-8
040 _aDWC-Main Lib.
_cOC
100 _aRIDER , PAUL R.
245 _aCollege Algebra/
_cRIDER , PAUL R.
260 _aN.Y. :
_bThe MacMillan Company,
_cc1967.
300 _axiv, 397p. :
_bill.;
_c21cm.
504 _aIncludes Index.
650 _a1. Algebra
942 _2ddc
_cBK-CIRC
_hCirc.
_n0
999 _c4841
_d4841